000 00448 a2200193 4500
005 20260214105005.0
008 260212b |||||||| |||| 00| 0 eng d
020 _a9788197917554
_cRs. 4000.00
040 _aMAIN
082 _a580
_bV59T(2)
100 _aVerma, V
245 _aTextbook of botany
250 _a2nd
260 _bAne Books
_c2025
_aNew Delhi
300 _axvi, 1068
650 _aBotony
650 _aPlants
942 _cBK
999 _c396079
_d396079